| 000 | 00365nam a2200133Ia 4500 | ||
|---|---|---|---|
| 008 | 210210b1983 xxu||||| |||| 00| 0 eng d | ||
| 082 | _a371.26 NATM | ||
| 100 | _aNATARAJAN (V). | ||
| 245 | _aMonograph on revaluation of answer scripts. | ||
| 260 |
_aDelhi. _bAssociation of Indian Universities., _c1983 |
||
| 300 | _aix,107 | ||
| 690 | _aEducation | ||
| 906 | _a042096 | ||
| 999 |
_c91888 _d91888 |
||